Derecho constitucional mexicano / C‚sar Carlos Garza García (Registro nro. 15460)
[ vista simple ]
| 000 -LÍDER | |
|---|---|
| fixed length control field | 00499nam a2200157 4500 |
| 008 - ELEMENTOS DE LONGITUD FIJA -- INFORMACIÓN GENERAL | |
| fixed length control field | 0 1997 0x 000 0MEX |
| 020 ## - NÚMERO INTERNACIONAL NORMALIZADO PARA LIBROS | |
| ISBN | 970-10-1486-3 |
| 050 ## - SIGNATURA TOPOGRAFICA DE LA BIBLIOTECA DEL CONGRESO (LC) | |
| Número de Clasificación | KGF2921 G3 1997 |
| 082 ## - NUMERO DE CLASIFICACION DECIMAL DEWEY | |
| Número de Clasificación | 342.02 G245d |
| 100 ## - ASIENTO PRINCIPAL--NOMBRE PERSONAL | |
| Nombre personal | Garza García, C‚sar Carlos |
| 245 ## - TÍTULO | |
| Título | Derecho constitucional mexicano / C‚sar Carlos Garza García |
| 260 ## - PUBLICACIÓN, DISTRIBUCIÓN, ETC. (PIE DE IMPRENTA) | |
| Lugar de publicación, distribución, etc. | México : McGraw Hill |
| 300 ## - DESCRIPCIÓN FÍSICA | |
| Extensión | lvii, 406 p. / 23 cm. |
| 440 ## - | |
| -- | Seri Jurídica / McGraw Hill |
| 650 ## - ASIENTO SECUNDARIO DE MATERIA - TERMINO TEMÁTICO | |
| Término temático o nombre geográfico como elemento de entrada | 1.DERECHO CONSTITUCIONAL-MEXICO |
| No. biblioteca | No. biblioteca | Número de clasificación | Código de barras/Número de adquisición | Número de copia | Tipo de material |
|---|---|---|---|---|---|
| LUIS G. INCLAN | LUIS G. INCLAN | 342.02 G245d | 40637 | 1 | Libros |
| LUIS G. INCLAN | LUIS G. INCLAN | 342.02 G245d | 40638 | 2 | Libros |
